00706nac a22001931u 4500010001600000035001900016082001500035090001500050100003400065245007600099260006600175300003600241650002600277650004100303700003400344942001700378999001500395952010200410 a 47002341 a(OCoLC)2150505 a660bH8381 c4377d4377 aHougen, Olaf A. 10aChemical process principles ,cby Olaf A. Hougen and Kenneth M. Watson. aNew York,bWiley;aLondon,bChapman and Hall, limitedc[1947] a2 p. l., 52 diagr.c28 x 24 cm. 0aChemical engineering. 0aChemistry, Physical and theoretical.1 aWatson, Kenneth Merle,d1903- cBBk660H8381 c4377d4377 00104070aMAINbMAINc1STd2005-09-07ePurchasel0o660 HOUp000005341r2025-07-15 00:00:00yBB